[Event "Durban USSA op"]
[Site "Durban"]
[Date "2023.12.04"]
[Round "1"]
[White "Mohlomi, Mahlomola"]
[Black "Selepe, Lwazi"]
[Result "0-1"]
[WhiteElo "1422"]
[BlackElo "1815"]
[PlyCount "46"]
[EventDate "2023.12.04"]
[EventType "swiss"]
[EventRounds "9"]
[EventCountry "RSA"]
[SourceTitle "CB50_2023"]
[SourceDate "2023.12.13"]
[SourceVersion "1"]
[SourceVersionDate "2023.12.13"]
[SourceQuality "1"]

1. c4 e6 2. Nc3 d5 3. cxd5 exd5 4. d4 Nf6 5. Nf3 Bd6 6. e3 c6 7. Bd3 0-0 8. h3 Nbd7 9. a3 a5 10. 0-0 Qe7 11. Bd2 Ne4 12. Qc2 f5 13. Bxe4 fxe4 14. Nh2 Nb6 15. f4 exf3 16. Nxf3 Bf5 17. Qc1 Bd3 18. Rd1 Rxf3 19. e4 Qh4 20. e5 Qxd4+ 21. Kh1 Qxe5 22. Bf4 Rxf4 23. Qd2 Rf1+ 0-1